Normal view
MARC view
- La Fontaine, Jean de,
Entry Nombre Personal
001 - NUMERO DE CONTROL
- campo de control: 40071
003 - IDENTIFICADOR DE NUMERO DE CONTROL
- campo de control: UPN
005 - FECHA Y HORA DE LA ÜLTIMA TRANSACCIÓN
- campo de control: 20220818165233.0
008 - DATOS DE LONGITUD FIJA
- campo de control de longitud fija: 220818nn acannaabn n aaa d
035 ## - NUMERO DE CONTROL
- Número de control: UPN11000012178
040 ## - FUENTE DE CATALOGACIÓN
- Lenguaje de catalogación: SPA
- Agencia de transcripción: UPN
- Agencia original de catalogación: UPN
053 #4 - NÚMERO DE CLASIFICACIÓN LC
- Número de clasificación elemento-número único o número inicial de tramo: PQ1806
- Número de clasificación número de tramo final del elemento: PQ1812
100 1# - ENCABEZAMIENTO - NOMBRE PERSONAL
- Nombre personal: La Fontaine, Jean de,
- Fechas asociadas con el nombre: 1621-1695
400 1# - VEÁSE - NOMBRE DE PERSONA
- Personal name: Fontaine, Jean de la,
- Dates associated with a name: 1621-1695
400 1# - VEÁSE - NOMBRE DE PERSONA
- Personal name: Fontaine, Jean de La,
- Dates associated with a name: 1621-1695
670 ## - FUENTE EN LA QUE SE LOCALIZARON DATOS
- Cita de la fuente: LC
680 ## - NOTA PUBLICA DE ACCESO PÚBLICO
- Frase explicativa de la referencia: Fabulista francés
902 ## - CATALOGADOR
- Catalogador: MCM/250417
